=LDR 00000nam 2200000 4500 =001 INLIS000000000032464 =005 20130612134454 =008 ***********************************ind** =035 ##$$a0010-061300000032464 =041 ##$$a ind =082 ##$$a 2x3.1 =090 ##$$a 2x3.1, Alj p =100 ##$$a Al-Jaza'iri, Abu Bakar Jabir =245 ##$$a Pedoman hidup muslim, Abu Bakar Jabir Al-Jaza'iri; Penerjemah, Hasanuddin, Didin Hafidhuddin =260 ##$$a 2008 $b Jakarta =300 ##$$a v,814 hlm, 24 cm =650 ##$$a Iman - Islam =700 ##$$a Hasanuddin =850 ##$$a NBPNMAT =990 ##$$a 0001/BPAP-NTB/20142014